00488nam a2200205Ia 4500003000400000005001700004008004100021020002200062040000700084041000800091082001800099100002300117245002900140250000600169260003600175300001800211365001400229650002500243650001400268OSt20230620101346.0210423s2013 xx 000 0 und d a978-81-265-2571-3 cAL aeng a543.0858 HOLM aHOLLAS (J Michael) aModern spectroscopy Ed 4 a4 aNew DelhibWiley and Sonsc2013 axxvii,452bPB b1095cINR aAnalytical Chemistry aChemistry